Comportamiento organizacional.

Wedi'i Gadw mewn:
Manylion Llyfryddiaeth
Prif Awdur: Robbins, Stephen P (autor)
Fformat: Llyfr
Iaith:Sbaeneg
Cyhoeddwyd: Ciudad de México, México: Pearson Educación, 2004.
Rhifyn:Décima edición.
Pynciau:
Tagiau: Ychwanegu Tag
Dim Tagiau, Byddwch y cyntaf i dagio'r cofnod hwn!

MARC

LEADER 00000nam a2200000 a 4500
001 UCL7240
003 CL-VaPUC
005 20240129170334.0
008 040514e20040000MX |||||||||||||||||spa|d
999 |c 309088  |d 309086 
020 |a 9702604230 
040 |c Pontificia Universidad Católica de Valparaíso 
082 0 4 |a 658.1 ROB 2004  |2 21 
100 0 |a Robbins, Stephen P  |e autor  |9 485091 
245 1 0 |a Comportamiento organizacional. 
250 |a Décima edición.  
260 |a Ciudad de México, México:  |b Pearson Educación,  |c 2004. 
300 |a xxviii, 675 páginas.  
500 |a Incluye CD. c. Donación Sr. Guillermo Bustos - Esc. Ingeniería Industrial -Memo EII Nº02/2024 -25-01-2024 
583 |a last modification  |c 20040514 00:00:00  |k Rodrigo Vera 
650 0 |a Gestión administrativa  |9 375217 
650 0 |a Toma de decisiones   |9 257530 
650 0 |a Liderazgo  |9 271835 
650 0 |a Recursos humanos   |9 228420 
650 0 |a Administración de empresas   |9 260833 
942 |c BK  |2 ddc 
945 |d 20040514 00:00:00  |a cmena 
952 |0 0  |1 0  |4 0  |6 658_100000000000000_ROB_2004  |7 0  |8 R  |9 376309  |a BIBENE  |b BIBENE  |d 2019-11-21  |i 4013336  |o 658.1 ROB 2004  |p 4013336  |r 2025-01-15  |w 2019-11-21  |y BK_R  |k ICO 
952 |0 0  |1 0  |4 0  |6 658_100000000000000_ROB_2004  |7 0  |8 R  |9 376315  |a BIBENE  |b BIBENE  |d 2019-11-21  |i 4049780  |o 658.1 ROB 2004  |p 4049780  |r 2025-01-15  |w 2019-11-21  |y BK_R  |k ICO